Los recursos humanos para la industrialización: algunos aspectos de la política general y de la planificación
Uloženo v:
| Korporativní autor: | |
|---|---|
| Médium: | Kniha |
| Jazyk: | španělština |
| Vydáno: |
Ginebra
OIT
1967
|
| Edice: | Estudios y Documentos, 71
|
| Témata: | |
| Tagy: |
Přidat tag
Žádné tagy, Buďte první, kdo vytvoří štítek k tomuto záznamu!
|
MARC
| LEADER | 00000nam a2200000 a 4500 | ||
|---|---|---|---|
| 001 | UCU2104 | ||
| 003 | CL-VaPUC | ||
| 008 | 960419e19670000SZ |||||||||||||||||spa|d | ||
| 082 | 0 | 4 | |a 331.11 |b ORG |2 21 |
| 110 | 2 | |a Organización Internacional del Trabajo |e author |9 358014 | |
| 245 | 1 | 4 | |a Los recursos humanos para la industrialización: algunos aspectos de la política general y de la planificación |
| 300 | |a 270 p | ||
| 942 | |c BK | ||
| 945 | |d 19960419 00:00:00 |a paguirre | ||
| 260 | |a Ginebra |b OIT |c 1967 | ||
| 650 | 0 | |a Recursos humanos |9 228420 | |
| 650 | 7 | |a FUERZA DE TRABAJO |2 CL-VaPUC |9 358015 | |
| 650 | 0 | |a Industrialización |9 263687 | |
| 650 | 0 | |a Desarrollo económico y social |9 256320 | |
| 650 | 7 | |a MANO DE OBRA |2 CL-VaPUC |9 315053 | |
| 650 | 7 | |a TECNICOS |2 CL-VaPUC |9 339400 | |
| 583 | |a last modification |c 19960419 00:00:00 |k Rodrigo Vera | ||
| 490 | 0 | |a Estudios y Documentos, 71 | |
| 999 | |c 246495 |d 246493 | ||
| 952 | |0 0 |1 0 |4 0 |6 331_110000000000000_ORG_1967 |7 0 |8 A |9 261523 |a BIBING |b BIBING |d 2019-11-19 |i 1641530 |o 331.11 ORG 1967 |p 1641530 |r 2025-01-20 |w 2019-11-19 |y BK |k CCL | ||